| 000 | 006000000a22001810004500 | ||
|---|---|---|---|
| 003 | MACL | ||
| 005 | 20160610125711.0 | ||
| 008 | 160610b xxu||||| |||| 00| 0 eng d | ||
| 040 |
_aMACL _cMACL |
||
| 041 | _aHindi | ||
| 082 | _a294 | ||
| 100 |
_aडॉ त्रिपाठी, रूद्रदेव _963801 |
||
| 245 |
_aसौन्दर्यलहरी _cडॉ रूद्रदेव त्रिपाठी |
||
| 260 |
_bरंजन पब्लिकेशन्स _c2001 _aदिल्ली |
||
| 350 | _a150 | ||
| 650 |
_aReligion _963802 |
||
| 942 |
_cHIN _k294 _2ddc |
||
| 999 |
_c30069 _d30069 |
||